000 01221nam a22003257a 4500
001 0006783
003 KOHA_MİRAKIL
005 20260207001534.0
007 ta
008 090806b1994 tu |||gr||||#0|||0|tur |
020 _a9751605814
_c0,01
040 _aTR-BiSEU
_btur
_cTR-BiSEU
_erda
041 0 _atur
044 _ctu
050 _aDR486
_b.A36 1994
100 0 _aAhmed Vasif Efendi.
245 1 _aMehasinu'l-Asar ve Hakaiku'l-Ahbar/
_cAhmed Vasif Efendi ; Ahmed Vasif Efendi; editör Mücteba İlgürel.
264 1 _aAnkara :
_bAtatürk Kültür Dil ve Tarih yuksek Krumu Türk Tarih Kurumu
_c1994
300 _aLIV,446 sayfa
336 _ametin
_btxt
_2rdacontent
337 _aaracısız
_bn
_2rdamedia
338 _acilt
_bnc
_2rdacarrier
490 1 _aAtatürk Kültür ve Tarih Yüksek Kurumu Türk Tarih Kurumu Yayınları ;
_vDizi II-Sayı 31
500 _aKaynakça ve dizin var.
650 0 _aTurkey--History Ottoman Empire,1288-1918 17th century.
_916763
650 0 _aTurkey--History Ottoman Empire,1288-191 8 18ty century.
_916764
830 1 _aAtatürk Kültür ve Tarih Yüksek Kurumu Türk Tarih Kurumu Yayınları ;
_vDizi II-Sayı 31
_916765
907 _aTarih
942 _2lcc
_cBK
999 _c6764
_d6764